A world of uncertainty (Record no. 75887)
[ view plain ]
| 000 -LEADER | |
|---|---|
| fixed length control field | 01313cab a2200181 4500 |
| 001 - CONTROL NUMBER | |
| control field | L130925 |
| 008 - FIXED-LENGTH DATA ELEMENTS--GENERAL INFORMATION | |
| fixed length control field | 050919n2005 000 0 eng u |
| 035 ## - SYSTEM CONTROL NUMBER | |
| System control number | (Sirsi) u130925 |
| 041 0# - LANGUAGE CODE | |
| Language code of text/sound track or separate title | eng |
| 100 1# - MAIN ENTRY--PERSONAL NAME | |
| Personal name | Fisher, Pete |
| 245 #2 - TITLE STATEMENT | |
| Title | A world of uncertainty |
| 260 ## - PUBLICATION, DISTRIBUTION, ETC. | |
| Date of publication, distribution, etc. | 2005 |
| 490 ## - SERIES STATEMENT | |
| Series statement | GIS Professional |
| Volume/sequential designation | September/October 2005, 12-14(3) |
| 520 ## - SUMMARY, ETC. | |
| Summary, etc. | Examines the challenges facing cartographers and surveyors in dealing with uncertainty in spatial information within GIS and map databases such as Ordnance Survey's MasterMap. Defines the problem of uncertainty in respect of geographical phenomena: existential (does it actually exist?); extensional (their exact boundaries), and temporal (will the phenomenon persist in a landscape?). Looks at partial solutions to the problem of coding the existence of buildings such as improving the semantic richness of definitions and encoding buildings with multiple uses. Analyses the issues relating to setting boundaries to the extent of moving or changing phenomena such as streams and vegetation boundaries. Concludes with the question whether representing uncertainty in maps delivers tangible benefit to their end-users. |
| 690 ## - LOCAL SUBJECT ADDED ENTRY--TOPICAL TERM (OCLC, RLIN) | |
| Topical term or geographic name as entry element | ENVIRONMENTAL AND LAND CONSULTANCY-GEOMATICS-MAPPING AND POSITIONING-CARTOGRAPHY |
| 700 1# - ADDED ENTRY--PERSONAL NAME | |
| Personal name | Gomm, Simon |
| 942 ## - ADDED ENTRY ELEMENTS (KOHA) | |
| Suppress in OPAC | 0 |
| Withdrawn status | Lost status | Source of classification or shelving scheme | Damaged status | Not for loan | Home library | Current library | Shelving location | Date acquired | Total Checkouts | Full call number | Barcode | Date last seen | Copy number | Price effective from | Koha item type |
|---|---|---|---|---|---|---|---|---|---|---|---|---|---|---|---|
| Dewey Decimal Classification | London | London | Journal article | 19/09/2005 | L130925 | 130925-1001 | 06/08/2019 | 1 | 06/08/2019 | Journal article |